000 01406nam a2200229 a 4500
008 090728s2002 ||||||||||||||||| || u
020 _a0073656011
050 _aQD 31.2 Cha
100 _aChang, Raymond
245 1 0 _aChemistry. (7th ed.)
_cby Raymond Chang
250 _a7th ed.
260 _aBoston:
_bMcGraw-Hill
_c2002
300 _axxxii, 1001[various pagings]: ill
350 _a0.00
650 0 _aCHEMISTRY--HANDBOOKS, MANUALS, ETC
995 _aBINDERY (DAMAGED)
_D0.00
_e740205
_FCBU-MAIN LIBRARY (Kitwe)
_H1
_I0.00
_jQD 31.2 Cha
_M5
_UAVAILABLE
_WJul 28, 2009
_y740205
_ZShort Loan Collection
995 _aANNEX COLLECTION (Main Library)
_D0.00
_e740200
_FCBU-MAIN LIBRARY (Kitwe)
_H1
_I0.00
_jQD 31.2 Cha
_M3
_UAVAILABLE
_WJul 28, 2009
_y740200
_ZAnnex Low-Usage Collection
995 _aMAIN LIBRARY OPEN ACCESS
_D0.00
_e740202
_FCBU-MAIN LIBRARY (Kitwe)
_H1
_I0.00
_jQD 31.2 Cha
_M2
_UAVAILABLE
_WJul 28, 2009
_y740202
_ZMain Library Open Access Collection
995 _aBINDERY (DAMAGED)
_D0.00
_e740201
_FCBU-MAIN LIBRARY (Kitwe)
_H1
_I0.00
_jQD 31.2 Cha
_M4
_UAVAILABLE
_WJul 28, 2009
_y740201
_ZShort Loan Collection
995 _aSHORT LOAN BOOKS
_D0.00
_e740204
_FCBU-MAIN LIBRARY (Kitwe)
_H1
_I0.00
_jQD 31.2 Cha
_M6
_UAVAILABLE
_WAug 5, 2009
_y740204
_ZShort Loan Collection
995 _aSHORT LOAN BOOKS
_D0.00
_e740203
_FCBU-MAIN LIBRARY (Kitwe)
_H1
_I0.00
_jQD 31.2 Cha
_M1
_UAVAILABLE
_WJul 28, 2009
_y740203
_ZShort Loan Collection
999 _c78191
_d78191